[Event "RUS-ch Superfinal"]
[Site "Moscow"]
[Date "2005.12.21"]
[Round "3"]
[White "Volkov, Sergey"]
[Black "Zvjaginsev, Vadim"]
[Result "0-1"]
[WhiteElo "2614"]
[BlackElo "2659"]
[Annotator "Babula,V"]
[PlyCount "62"]
[EventDate "2005.12.19"]
[EventType "tourn"]
[EventRounds "11"]
[EventCountry "RUS"]
[EventCategory "17"]
[SourceTitle "CBM 111"]
[Source "ChessBase"]
[SourceDate "2006.04.04"]
[SourceVersion "1"]
[SourceVersionDate "2006.04.04"]
[SourceQuality "1"]

1. d4 d5 2. c4 e6 3. Nc3 Be7 4. Nf3 Nf6 5. Bg5 O-O 6. Qc2 c6 ({More flexible is
} 6... Nbd7 {Black can play then c7-c6 or c7-c5.}) 7. e3 Nbd7 8. cxd5 {White
clarifies the situation in the centre, what looks slightly premature.} ({
More frequent and also more logical is} 8. Rd1) 8... Nxd5 ({More solid} 8...
exd5 {leads to the classical Carlsbad.}) 9. Bxe7 Qxe7 10. Be2 Re8 {[%cal Ye6e5]
Black prepares the liberating e6-e5 advance.} ({When Black realizes his idea
immediately} 10... Nxc3 11. bxc3 $5 (11. Qxc3 c5 12. O-O b6 13. Rac1 Bb7 14.
dxc5 Rfc8 15. b4 bxc5 16. b5 {1/2-1/2 Jobava,B-Tregubov,P/Moscow 2002/CBM 088})
11... e5 {then White has an unpleasant move} 12. Bd3) 11. O-O {Unbelievable,
this logical move is a novelty.} (11. Rd1 N5f6 12. O-O e5 13. d5 $14 {1/2-1/2
Miniboeck,G-Casagrande,H/Austria 1995/CBM 045 ext (41)}) 11... Nxc3 {Black
exchanges the knights first,} ({otherwise he would stay with the weak isolated
pawn d5} 11... e5 $143 $6 12. Nxd5 cxd5 13. dxe5 Nxe5 14. Rfd1 $14 {[%csl Rd5]}
) 12. bxc3 {White takes on c3 by pawn to strengthen his centre.} e5 13. a4 {
This is the typical plan in such positions, by the further advance of his a
pawn White strives to create Black on the queenside a weakness.} e4 (13... b6
14. a5) 14. Nd2 Nf6 {Black would like to get the counterplay against White's
king by the active piece play.} ({Weaker is a committal move} 14... f5 $143 $6
{limiting the scope of Black's bishop. Then White can continue in his play on
the queenside or he can even start the active operations on the kingside} 15.
f3 $5) 15. Rfb1 Bg4 (15... Bf5 $143 $6 16. Qb3 $1 {[%csl Rb7]}) 16. Bf1 {
White keeps the bishops as their exchange would be advantageous for Black.}
Rad8 {Black is now ready to defend his b7 pawn by Bg4-c8 or Rd8-d7. But it is
important, without a committal move b7-b6.} 17. c4 $14 {[%cal Yc4c5] White's
position is better, he prepares c4-c5 and then Nd2-c4-d6.} c5 (17... b6 18. a5)
18. dxc5 $1 {A correct decision.} ({After closing the position} 18. d5 $143 $6
{Black has good prospects to organize an attack against White's monarch.})
18... Bc8 {Black protects his weakness b7 and frees the square g4 for the
sortie Nf6-g4.} (18... Qxc5 $2 19. Rxb7 $16) 19. Nb3 {The knight defends the
c5 pawn and also aims to d4.} Qe5 {[%csl Rh2][%cal Yf6g4] Black transfers his
queen closer to White's king.} 20. h3 {[%csl Gg4] White parries Black's threat
however weakens the pawn cover of his king. But White foresees that Black
can't profit from it.} ({Possible is also} 20. Be2 {with the intention} Ng4 $6
21. Bxg4 Bxg4 22. Nd4 {and White's king is secure enough, for example} Qg5 23.
Rxb7 Bf3 24. g3 Rxd4 25. exd4 Qg4 (25... e3 26. Rb3) 26. Qc1 Qh3 (26... e3 27.
Qxe3) 27. Qf1) 20... Qg5 $2 {[%cal Yc8h3] A step in the wrong direction, Black
believes in his attack.} ({But this is a suitable moment for attacking the c5
pawn} 20... Nd7 $142 $5 {After} 21. Rd1 Nxc5 {White can't namely gain the e4
pawn because of the hanging rook on a1} 22. Nxc5 (22. Rxd8 Rxd8 23. Nxc5 $4
Qxa1) 22... Rxd1) 21. Kh1 Re5 {There is no way back.} (21... Nd7 22. Rd1 Nxc5 {
loses the e4 pawn} 23. Rxd8 Rxd8 24. Nxc5 Qxc5 25. Qxe4 $16) 22. Rd1 $1 {
White acts according the rule which says that the best reply to the flank
attack is the play in the centre.} Rde8 {Black needs his rook to safeguard his
basic rank.} 23. Rd6 Qh4 24. Rad1 {White continues in his central play.} Rf5 {
[%csl Rf2]} 25. R1d2 Ng4 26. g3 $4 {[%mdl 8192] A terrible blunder.} ({Simple} 
26. Kg1 $142 $16 {crowns White's good play and keeps an advantage. It is hard
to believe but Black can't break White's defence, for example} Ne5 27. Nd4 Rg5
28. g3 $1 Bxh3 29. Bg2 $1 Qh5 30. Qxe4) 26... Qxg3 $3 $19 {A nice tactical
blow immediately decides the game.} 27. hxg4 (27. fxg3 Rxf1+ 28. Kg2 Nxe3+ 29.
Kh2 Nxc2) 27... Qh4+ 28. Kg1 Qxg4+ 29. Bg2 Rg5 30. f4 exf3 31. Rd8 f2+ 0-1

[Event "EU-chT (Men) 10th"]
[Site "Debrecen"]
[Date "1992.11.??"]
[Round "9.1"]
[White "Vaganian, Rafael A"]
[Black "Short, Nigel D"]
[Result "0-1"]
[WhiteElo "2590"]
[BlackElo "2685"]
[Annotator "Bulletin"]
[PlyCount "108"]
[EventDate "1992.11.20"]
[EventType "team-swiss"]
[EventRounds "9"]
[EventCountry "HUN"]
[SourceTitle "EU-chT"]
[Source "ChessBase"]
[SourceDate "1999.07.01"]
[SourceVersion "2"]
[SourceVersionDate "1999.07.01"]
[SourceQuality "1"]
[WhiteTeam "Armenia"]
[BlackTeam "England"]
[WhiteTeamCountry "ARM"]
[BlackTeamCountry "ENG"]

1. d4 d5 2. c4 e6 3. Nc3 Nf6 4. Bg5 Be7 5. e3 O-O 6. Rc1 b6 7. cxd5 Nxd5 8.
Nxd5 exd5 9. Bxe7 Qxe7 10. Bd3 c6 11. Ne2 Bb7 12. Ng3 $5 Nd7 (12... g6 $142 13.
h4 $5 c5 $1 $132) 13. Nf5 Qf6 $2 (13... Qe6 14. Qg4 g6 15. Nh6+ (15. Qg3 Rad8
$1 {/\ Nf6}) 15... Kh8 16. Qxe6 fxe6 17. f4 $1 {/\ g4, h4+/=}) 14. Qg4 Rfd8 15.
h4 $1 {/\ Rh3} (15. Ba6 Bxa6 16. Rxc6 Ne5 $1 (16... h5 $2 17. Qf4 $1 g5 18. Qf3
$18) 17. dxe5 Qxe5 $13) 15... Nf8 16. Qg5 $1 (16. Rh3 Bc8 17. Rf3 Bxf5 $10)
16... Qxg5 17. hxg5 $16 Rd7 18. f4 Rad8 (18... Ne6 $142) 19. Kd2 Rc7 20. b4 Ne6
21. Rh4 c5 22. Rch1 h6 23. bxc5 bxc5 24. Nxh6+ $18 (24. gxh6 g6 25. Ng7 $1 cxd4
(25... Nxg7 26. hxg7 Kxg7 27. Rh7+ Kf6 28. R1h6 $18) (25... Nf8 26. g4 $18) 26.
Nxe6 dxe3+ 27. Kxe3 d4+ $1 28. Kd2 $1 (28. Nxd4 Re7+ $44) 28... fxe6 29. Rg4
$18) 24... gxh6 25. Rxh6 Nf8 $8 (25... Kf8 26. f5 Nxg5 27. f6 Ke8 28. Bf5 Ne6
29. Rh8+ Kd7 30. Bxe6+ fxe6 31. Rxd8+ Kxd8 32. Rh8+ Kd7 33. f7) 26. f5 f6 $8
27. Rxf6 $1 (27. gxf6 Rh7 $1 $16) 27... c4 28. Bc2 c3+ 29. Ke2 {/\ Rfh6} Rg7
30. g6 Rc7 31. g4 Bc6 32. g5 Rb8 33. Kf3 Rcc8 (33... Rb2 34. Rxf8+ Kxf8 35.
Rh8+ Ke7 (35... Kg7 36. Rh7+) 36. f6+ {/\ g7}) 34. Bb3 $2 (34. Rxf8+ $1 Rxf8
35. f6 Rb7 36. Bf5 Bd7 37. g7) 34... Rxb3 $1 35. axb3 Bb5 36. e4 $6 (36. Rd6 $5
Re8 (36... c2 37. Rc1) 37. Rc1 Bd3 38. f6 {/\ Rc3+/-}) 36... c2 37. Rc1 Rc3+
38. Kf4 dxe4 39. Rf7 e3 40. Rb7 a6 41. Rb8 $6 (41. g7 Nd7 42. f6 e2 43. Kf5 $1
{/\ Rh1}) 41... Bd3 $1 42. d5 Rc5 43. Ke5 {/\ Kd4} Rb5 $1 (43... Bxf5 44. Kxf5
e2 $10) 44. Rd8 $2 (44. Rxb5 $1 axb5 45. Kd4 Bxf5 46. Kxe3 Nd7 47. Kd2 Nc5 48.
Rxc2 Nxb3+ 49. Kc3 Bxc2 50. Kxc2 Nd4+ 51. Kc3 Nf5 52. Kb4 Nd6 53. Kc5 $10)
44... Rxb3 $1 45. Rh1 Rb6 $1 $19 {[]} (45... Rb1 $2 46. Kf6 Rxh1 47. g7) (45...
Bxf5 46. Kf6 $1 (46. Kxf5 $2 Rb1 47. Kf6 Rxh1 48. g7 Rf1+) 46... Bxg6 47. Rxf8+
$1 $18) 46. Rc8 (46. d6 Rb5+) 46... e2 47. f6 Bxg6 48. Rc7 e1=Q+ 49. Rxe1 Rb1
50. Re3 c1=Q 51. Rxc1 Rxc1 52. Ra3 Rg1 53. Rxa6 Rxg5+ 54. Kd4 Kf7 0-1

[Event "World-ch33-KK4 Kasparov-Karpov +4-4=16"]
[Site "Seville"]
[Date "1987.12.04"]
[Round "20"]
[White "Kasparov, Garry"]
[Black "Karpov, Anatoly"]
[Result "1/2-1/2"]
[WhiteElo "2740"]
[BlackElo "2700"]
[Annotator "Bulletin"]
[PlyCount "74"]
[EventDate "1987.10.12"]
[EventType "match"]
[EventRounds "24"]
[EventCountry "ESP"]
[SourceTitle "MainBase"]
[Source "ChessBase"]
[SourceDate "1999.07.01"]
[SourceVersion "2"]
[SourceVersionDate "1999.07.01"]
[SourceQuality "1"]

1. c4 e6 2. Nc3 d5 3. d4 Be7 4. Nf3 Nf6 5. Qc2 O-O 6. Bg5 c5 7. dxc5 dxc4 8. e4
Qa5 {N; 8...h6} 9. e5 Nd5 10. Bxc4 Nxc3 11. O-O $1 Qxc5 (11... Bxg5 12. Nxg5 g6
13. bxc3 Qxc5 14. Qe4 Nc6 15. Rfe1 Nxe5 $2 16. Qxe5 Qxc4 17. Ne4 $18) (11...
Nd5 12. Bxd5 Qxc5 13. Qxc5 Bxc5 14. Be4 $16) (11... Nc6 12. Bxe7 Nxe7 13. Qxc3
Qxc3 14. bxc3 $14) 12. Qxc3 Nc6 (12... b6 13. Rac1 Bb7 $10) 13. Bxe7 Qxe7 14.
a3 $14 Bd7 15. Rac1 Rfd8 16. b4 (16. Qe3 $5) 16... a6 $6 (16... b5 17. Bd3 (17.
Bxb5 Nxb4 18. Bxd7 Nd5 $10) 17... a5 18. Be4 axb4 19. axb4 Rac8 $10) 17. Qe3
Be8 18. Bd3 Na7 19. Bb1 (19. Qe4 Rxd3 20. Qxd3 Bb5 $10) 19... Bc6 (19... Bb5
20. Qe4 g6 21. Rfe1 $14) 20. Ng5 h6 21. Ne4 Nb5 22. Rc4 (22. a4 Nd4 23. Nd6 Qg5
24. Qxg5 hxg5 $15) 22... Bxe4 (22... Bd5 $2 23. Nf6+ $18) 23. Bxe4 Rac8 24.
Rxc8 (24. Rcc1 $14) 24... Rxc8 25. Rc1 Rxc1+ 26. Qxc1 Qd7 27. g3 b6 $1 28. Kg2
Qd8 $1 29. h4 a5 (29... h5 $5) 30. bxa5 bxa5 31. Qc5 Nd4 32. h5 f5 $1 (32...
Nb3 33. Qc3 Qd4 34. Qd3 Qxd3 35. Bxd3 $18) (32... Nf5 33. g4 Nd4 $1 (33... Ne7
34. Qd6 Qe8 35. Qc7 $16)) 33. Bb7 (33. exf6 gxf6 34. Kh2 $14) 33... Kf7 34. Kh2
Qb8 35. Qxd4 (35. Bg2 Qb2 36. f4 Qf2 37. Qc7+ Kg8 38. Qe7 $10) 35... Qxb7 36.
g4 Qf3 37. Qd7+ Kf8 1/2-1/2

[Event "BUL-ch"]
[Site "Sofia"]
[Date "1996.??.??"]
[Round "3"]
[White "Drenchev, Petar"]
[Black "Inkiov, Ventzislav"]
[Result "1/2-1/2"]
[WhiteElo "2310"]
[BlackElo "2505"]
[Annotator "Bulletin"]
[PlyCount "43"]
[EventDate "1996.??.??"]
[EventType "k.o."]
[EventRounds "5"]
[EventCountry "BUL"]
[SourceTitle "EXT 1999"]
[Source "ChessBase"]
[SourceDate "1998.11.16"]
[SourceVersion "1"]
[SourceVersionDate "1998.11.16"]
[SourceQuality "1"]

1. c4 e6 2. Nc3 d5 3. d4 Nf6 4. Bg5 c5 5. e3 (5. cxd5 cxd4 6. Qa4+ (6. Qxd4))
5... cxd4 6. exd4 Be7 7. Nf3 (7. Rc1 O-O 8. Nf3 Nc6 (8... b6 9. Bd3 Nc6 10. O-O
Nb4 11. cxd5 Nfxd5 12. Bxe7 Qxe7 13. Be4 Bb7 14. Re1 Rac8 15. Qd2 h6 16. a3 {
1/2-1/2 Taimanov,M-Keres,P/SWZ ct 1953}) 9. c5 h6 (9... Ne4 10. Bxe7 Qxe7 11.
Bb5 Bd7 12. O-O f6 13. Re1 Nxc3 14. Rxc3 Rae8 15. Bxc6 Bxc6 16. b4 {1/2-1/2
Koberl-Kottnauer/Szczawno Zdroj 1950}) 10. Bf4 Ne4 11. Bb5 Bd7 12. O-O g5 13.
Bg3 a6 14. Bxc6 Bxc6 15. Ne5 Be8 16. Re1 Nxg3 17. hxg3 Bf6 18. b4 Bg7 19. Rb1 {
1-0 Petrosian,T-Bronstein,D/USSR 3/569 1967}) 7... O-O 8. cxd5 (8. Bd3 dxc4 (
8... Nc6 9. O-O Nb4 10. cxd5 Nbxd5 11. Rc1 b6 12. Nxd5 Nxd5 13. Bxe7 Qxe7 14.
Be4 Bb7 15. Re1 Rac8 16. a3 Rxc1 {1-0 Meyer,B-Schild,J/Mainz o (03) 1987}) 9.
Bxc4 a6 (9... Nbd7 10. O-O Nb6 11. Bd3 Bd7 12. Qe2 Bc6 13. Rad1 h6 14. Bc1 Bxf3
$5 15. Qxf3 Nbd5 16. Ne4 Qa5 17. Bb1 Rfd8 $11 18. Nxf6+ Bxf6 19. Qe4 Rac8 $1
20. Rd3 {1/2-1/2 Fairhurst,W-Wade,R (08)/Glasgow m 1953}) 10. a4 (10. O-O b5
11. Bd3 Bb7 12. Qe2 Nc6 13. Rad1 Nb4 14. Bb1 Nbd5 15. Ne4 Nxe4 16. Qxe4 g6 17.
h4 Ra7 18. Qg4 Nf6 {1/2-1/2 Polgar,Zsuzsa-Inkiov,Ventzislav/Stara Zagora zt-B 
(04) 1990}) 10... Nc6 (10... Nbd7 11. O-O Nb6 12. Ba2 Bd7 13. Ne5 Rc8 14. Re1
Re8 15. Bb3 Bc6 16. a5 {1/2-1/2 Sykes,Alex-Sarapu,Ortvin/Adelaide open (02)
1990}) 11. O-O Nd5 12. Bxd5 exd5 13. Bxe7 {1/2-1/2 Riedel Wolfgang-Florath
Patrick/Bundesliga 1995/96, Germany 1996}) (8. Bd3) (8. c5 $5) 8... Nxd5 9.
Bxe7 Qxe7 10. Bd3 Nf6 (10... Nxc3 11. bxc3 b6 12. O-O Nd7 $4 {1/2-1/2 Smyslov,
Vasily-Bronstein,David/Amsterdam DONNER II (05) 1994}) 11. O-O b6 12. Re1 Bb7
13. d5 Nxd5 14. Nxd5 Bxd5 15. Bxh7+ Kxh7 16. Qxd5 exd5 17. Rxe7 Nc6 18. Rc7
Rac8 19. Rxc8 Rxc8 20. Rc1 Ne7 21. Rxc8 Nxc8 22. Kf1 1/2-1/2

[Event "URS-ch46 First League"]
[Site "Ashkhabad"]
[Date "1978.??.??"]
[Round "12"]
[White "Mikhalchishin, Adrian"]
[Black "Jussupow, Artur"]
[Result "1/2-1/2"]
[WhiteElo "2460"]
[BlackElo "2450"]
[Annotator "Bulletin"]
[PlyCount "53"]
[EventDate "1978.10.??"]
[EventType "tourn"]
[EventRounds "17"]
[EventCountry "URS"]
[EventCategory "10"]
[SourceTitle "MCL"]
[Source "ChessBase"]
[SourceDate "1999.07.01"]
[SourceVersion "1"]
[SourceVersionDate "1999.07.01"]
[SourceQuality "1"]

1. Nf3 Nf6 2. c4 e6 3. d4 Bb4+ 4. Bd2 Be7 5. Nc3 d5 6. Bg5 O-O 7. Qc2 h6 (7...
Ne4 8. Bxe7 Qxe7 9. g3 Nxc3 10. Qxc3 c6 11. Bg2 $14) 8. Bxf6 Bxf6 9. Rd1 (9. e4
$5) 9... c5 $1 10. dxc5 Qa5 11. cxd5 exd5 12. Qd2 Be6 13. Nxd5 Qxd2+ 14. Rxd2
Bxd5 15. Rxd5 Bxb2 16. e3 Bc3+ 17. Kd1 Nc6 18. Bc4 Na5 19. Rd3 Bb4 20. Bd5 Rac8
21. Ne5 Rc7 22. Ke2 Bxc5 23. Rc1 b6 24. Rdc3 Re8 25. Nd3 Rd7 26. Bf3 Bd6 27.
Rc8 $14 (27. Rc8 Kf8 28. h4 $5) 1/2-1/2

[Event "Moscow International"]
[Site "Moscow"]
[Date "1982.05.21"]
[Round "9"]
[White "Chekhov, Valery A"]
[Black "Vaganian, Rafael A"]
[Result "0-1"]
[WhiteElo "2460"]
[BlackElo "2550"]
[Annotator "Chekhov,V"]
[PlyCount "82"]
[EventDate "1982.05.09"]
[EventType "tourn"]
[EventRounds "13"]
[EventCountry "URS"]
[EventCategory "10"]
[SourceTitle "MCL"]
[Source "ChessBase"]
[SourceDate "1999.07.01"]
[SourceVersion "1"]
[SourceVersionDate "1999.07.01"]
[SourceQuality "1"]

1. Nf3 Nf6 2. c4 e6 3. Nc3 d5 4. d4 Be7 5. Bg5 h6 6. Bh4 O-O 7. Rc1 b6 8. cxd5
Nxd5 9. Nxd5 exd5 10. g3 Re8 11. Bxe7 Qxe7 12. Qc2 $6 (12. Bg2 $5 Ba6 13. Ne5
Nd7 14. f4 Nxe5 15. dxe5 Bb7 16. O-O Red8 17. b4 c6 $14 {Uhlmann,W-Kurajica,B/
JUG/1981/1/2-1/2/41/}) 12... Na6 $1 13. a3 c5 14. Bg2 Bd7 $1 15. O-O (15. Ne5
$2 cxd4 16. Nxd7 Rac8 $19) (15. e3 Rac8 16. Qd2 Bb5 $36) 15... Qxe2 16. Qxe2
Rxe2 17. dxc5 Nxc5 (17... Rxb2 18. c6 $13) (17... bxc5 18. Rfd1 Rxb2 19. Rxd5 (
19. Ne5 $5 Be6 20. Bxd5 Bxd5 21. Rxd5 Re8 $17) 19... Be6 $17 20. Rd6 $140 Rb6)
18. b4 Ne6 19. Nh4 $5 (19. Rfd1 Rc8 20. Rxc8+ Bxc8 21. Rxd5 Ra2 $19) 19... Rd2
20. Nf3 Re2 (20... Ra2 21. Ne5 $13) 21. Nh4 Rd8 $1 22. Bxd5 Ng5 $1 $17 23. Rcd1
(23. Rc7 $2 Bb5 $19) 23... Ba4 24. Bb3 Rxd1 25. Bxd1 Bxd1 26. Rxd1 Ra2 27. Rd8+
Kh7 28. Rd7 Nh3+ 29. Kg2 Nxf2 30. Kf3 $2 (30. Rxa7 $1 Ng4+ (30... Nd3+ 31. Kg1
Nxb4 32. Rxf7 Rxa3 33. Rb7 Nd5 34. Nf5) 31. Kg1 Ne5 {/\g5|^/}) 30... Nh3 $1 31.
Rxa7 Rxh2 32. a4 (32. Rxf7 $4 Ng5+) 32... Ng5+ 33. Kf4 Rb2 34. b5 Re2 $1 35. g4
g6 36. Rb7 Re4+ 37. Kg3 Rxa4 38. Rxb6 Kg7 39. Ng2 Ne4+ 40. Kf3 Nf6 41. Nf4 $2
Rxf4+ 0-1

[Event "Berlin East DSV"]
[Site "Berlin East"]
[Date "1982.10.17"]
[Round "8"]
[White "Uhlmann, Wolfgang"]
[Black "Lputian, Smbat G"]
[Result "1-0"]
[WhiteElo "2515"]
[BlackElo "2440"]
[Annotator "ChessBase"]
[PlyCount "69"]
[EventDate "1982.10.09"]
[EventType "tourn"]
[EventRounds "13"]
[EventCountry "DDR"]
[EventCategory "9"]
[SourceTitle "MCL"]
[Source "ChessBase"]
[SourceDate "1999.07.01"]
[SourceVersion "1"]
[SourceVersionDate "1999.07.01"]
[SourceQuality "1"]

1. c4 e6 2. Nc3 d5 3. d4 Be7 4. Nf3 Nf6 5. Bg5 h6 6. Bh4 O-O 7. Rc1 dxc4 8. e3
c5 9. Bxc4 cxd4 (9... Nc6 10. dxc5 Qxd1+ 11. Rxd1 Bxc5 12. O-O $14) 10. Nxd4 a6
(10... Bd7) 11. O-O b5 12. Be2 Bb7 13. Bf3 $1 Ra7 14. Bxb7 (14. Bg3 $5 Qb6 15.
a4 Bb4 16. Nb1 $16 {/\ Nd2-c4}) 14... Rxb7 15. Qf3 Rd7 16. Rfd1 Qb6 17. a4 $1
bxa4 (17... b4 18. Nb1 $14) 18. Nxa4 Qb4 19. b3 Rfd8 20. h3 $1 (20. Rc4 $2 Qxb3
$17) 20... Qb7 (20... e5 21. Nf5 $1 $14) 21. Qxb7 Rxb7 22. Bg3 $1 Ne4 (22...
Ba3 $2 23. Nxe6 $1 Rxd1+ 24. Rxd1 fxe6 25. Rd8+ $16) 23. Rc7 $1 Rxb3 $6 (23...
Rxc7 $142 24. Bxc7 Rc8 25. Bxb8 Rxb8 26. Nc6 Re8 27. Nxe7+ Rxe7 28. Rd4 $1 f5
$1 (28... Nf6 29. Nc5 a5 30. Ra4 $16) 29. f3 Ng3 $1 (29... Nf6 30. Rd6 $14 {
>< a6,e6}) 30. Rd8+ Kf7 31. Kf2 Nh1+ (31... Nh5 $2 32. Nc5 Rc7 33. Rd7+ Rxd7
34. Nxd7 $16 {/\ Nc5}) 32. Ke1 Rb7 (32... Rc7 33. Kd2 $14) 33. Nc5 Rb5 34. Rc8
$14 {/\ Rc6}) 24. Rxe7 Nxg3 25. fxg3 Rxe3 26. Kf2 Ra3 (26... Re4 $2 27. Nc5
Rexd4 28. Rxd4 Rxd4 29. Re8+ $18) 27. Nc5 $1 (27. Nc2 $6 Rxd1 28. Nxa3 Rd2+ $1
29. Kg1 Ra2 30. Re8+ Kh7 31. Rxb8 Rxa3 32. Nc5 Rxg3 33. Nxa6 $14) 27... Ra2+ (
27... Nc6 28. Rd7 $1) (27... e5 28. Nc2 $1 Rxd1 29. Nxa3 Nc6 30. Rc7 Nd4 31.
Nc4 $18) 28. Kg1 $1 e5 29. Rf1 $3 Nc6 (29... exd4 30. Rfxf7 $1 Rd6 (30... Re2
31. Rxg7+ Kf8 32. Rxe2 Kxg7 33. Ne6+ $18) (30... d3 31. Rxg7+ Kh8 32. Rh7+ Kg8
33. Reg7+ Kf8 34. Ne6+ $18) 31. Rxg7+ Kf8 32. Ref7+ Ke8 33. Rb7 Kf8 34. Rh7 Kg8
35. Rhe7 $1 Kf8 36. Ne6+ $18) 30. Nxc6 Rdd2 31. Rfxf7 Rxg2+ 32. Kf1 Rxg3 33.
Ne6 $1 Ra1+ 34. Kf2 Rag1 35. Nxe5 $1 (35. Nxe5 R1g2+ 36. Kf1 Rg1+ 37. Ke2 R1g2+
38. Rf2) 1-0

[Event "Belgrade GMA op"]
[Site "Belgrade"]
[Date "1988.??.??"]
[Round "?"]
[White "Lin, Ta"]
[Black "Morovic Fernandez, Ivan"]
[Result "1-0"]
[WhiteElo "2380"]
[BlackElo "2545"]
[Annotator "Crnic,M"]
[PlyCount "57"]
[EventDate "1988.12.??"]
[EventType "swiss"]
[EventRounds "9"]
[EventCountry "YUG"]
[SourceTitle "TD"]
[Source "ChessBase"]
[SourceDate "1994.03.01"]
[SourceVersion "1"]
[SourceVersionDate "1994.03.01"]
[SourceQuality "1"]

1. d4 Nf6 2. c4 e6 3. Nf3 d5 4. Nc3 Nbd7 5. Bg5 h6 6. Bh4 Be7 7. e3 Ne4 8. Bxe7
Qxe7 9. Qc2 {N} c6 (9... Nxc3 10. Qxc3) 10. Bd3 (10. Nxe4 dxe4 11. Nd2 (11.
Qxe4 Qb4+)) 10... f5 $1 11. a3 {} b6 12. Ne2 (12. b4 Bb7 13. b5 c5) 12... Bb7
13. Nf4 Kf7 $1 (13... Qf6 14. Ne5 Nxe5 15. dxe5 Qf7 16. Be2 g6 17. b4) 14. Be2
g5 15. Nd3 Kg7 16. O-O $6 (16. b4 g4 17. Nfe5 Nxe5 18. Nxe5 a5 $1) (16. cxd5)
16... dxc4 $1 17. Nde5 (17. Qxc4 g4 18. Nfe5 Nxe5 19. Nxe5 Nd2) 17... g4 $1 (
17... Nxe5 18. Nxe5 b5 19. f3 Nd6 20. b3) 18. Nxd7 gxf3 19. gxf3 c5 (19... Qxd7
20. fxe4 c5 21. Qxc4 $15) 20. dxc5 $6 (20. Ne5 cxd4 21. fxe4 $1 Qg5+ 22. Ng4 d3
$1 $15 (22... fxg4 23. Qxc4 $14)) 20... Qg5+ (20... Kh7 21. Rfd1 $1 Rhg8+ 22.
Kf1 Qg5 23. Ke1 Qg1+ 24. Bf1 Ng5 25. Ne5 Nxf3+ 26. Nxf3 Bxf3 27. Rd7+ Rg7 28.
Rxg7+ Kxg7 29. Qxc4 $14) 21. Kh1 Kh7 22. Bxc4 Nd2 (22... Nxc5 23. e4 $1 (23.
Ne5 $2 Qf6 24. Qc3 Nd7 $1 25. Nxd7 Qxc3 26. bxc3 Bxf3+) 23... Nxd7 24. Bxe6 $15
) 23. e4 Nxf1 (23... Nxf3 24. Qc3 $1 Qh4 (24... Bxe4 25. Nf6+) 25. Nf6+ {})
24. Qc3 $1 (24. Rxf1 Rhg8) (24. Bxe6 Rhg8 25. Bxf5+ Qxf5 $1 26. exf5 Bxf3# {#})
24... Rhd8 (24... Qd2 $1 25. Nf6+ (25. Qf6 Qxd7 26. Bxe6 Rhf8 $1) 25... Kg6 26.
Qe5 $15) 25. Bxe6 $1 fxe4 26. Rxf1 e3 (26... Rxd7 {>} 27. Bxd7 Rg8 28. Bh3 exf3
29. c6 $14) 27. fxe3 $18 Rxd7 28. Bxd7 bxc5 (28... Rg8 29. Qc2+ {}) 29. e4 (
29. e4 Rf8 30. Rg1 Qe7 31. Bf5+ $18) 1-0